| 000 | 00480nam a2200169Ia 4500 | ||
|---|---|---|---|
| 008 | 230917s9999||||xx |||||||||||||| ||und|| | ||
| 020 | _cUSD65 | ||
| 040 |
_e255123 _aMAIN |
||
| 041 | _aEnglish | ||
| 082 | _a809.2 M291T | ||
| 100 | _aMalarcher, Jay, ed. | ||
| 245 | 0 | _aText and presentation, 2017 | |
| 260 |
_aNorth Carolina _bMcFarland and Company, Inc., Publishers _c2018 |
||
| 300 | _aviii, 238 p. | ||
| 500 | _a3449 11/03/2019 IBS19/318 20/03/2019 UGC Grant | ||
| 942 | _cBK | ||
| 999 |
_c30866 _d30866 |
||